000 00637nam a2200193 a 4500
001 000042522
005 20201002040217.0
008 131210s1978 sp a 000 0 spa d
020 _a8485303083
040 _aDO-SdBNP
_bspa
_cBNPHU
082 _axxx
_bxxx
100 1 _aBorrás Gualis, Gonzalo M.
_d1940-
_969738
245 1 0 _aArte mudéjar aragonés /
_cGonzalo M. Borrás Gualis ; dibujos de Vicente González Hernández.
260 _aZaragoza :
_bGuara,
_c1978.
300 _a237 p. :
_bil. ;
_c21 cm.
490 1 _aBásica aragonesa
_v4-5
700 1 2 _aGonzález Hernández, Vicente
_969739
830 0 _aBásica aragonesa
_n4-5
_969740
999 _c42011
_d42011